[Event "EU-chT Seniors 50"]
[Site "Swidnica"]
[Date "2023.07.17"]
[Round "6.1"]
[White "Ward, Christopher"]
[Black "Scrimgour, Alan"]
[Result "1-0"]
[WhiteElo "2387"]
[BlackElo "2014"]
[PlyCount "143"]
[EventDate "2023.07.12"]
[EventType "team-tourn"]
[EventRounds "9"]
[EventCountry "POL"]
[SourceTitle "CBM 215 Extra"]
[Source "ChessBase"]
[SourceDate "2023.09.30"]
[SourceVersion "1"]
[SourceVersionDate "2023.09.30"]
[SourceQuality "1"]
[WhiteTeam "England 50"]
[BlackTeam "Scotland 50"]
[WhiteTeamCountry "ENG"]
[BlackTeamCountry "POL"]

1. d4 Nf6 2. c4 e6 3. Nc3 Bb4 4. Qc2 c5 5. dxc5 Na6 6. a3 Bxc3+ 7. Qxc3 Nxc5 8. b4 Nce4 9. Qb2 Nd6 10. c5 Nc4 11. Qc3 d5 12. e3 b5 13. Nf3 0-0 14. Bb2 Bd7 15. Bd3 Qc7 16. 0-0 Rfd8 17. Ne5 Bc6 18. Bc2 Nxb2 19. Qxb2 Ne8 20. f4 f6 21. Nf3 Qd7 22. Nd4 Nc7 23. Rf3 a5 24. Raf1 axb4 25. axb4 Ne8 26. Rh3 f5 27. g4 g6 28. Rg3 Ng7 29. h3 Ra6 30. Bb3 Rda8 31. Kh1 Kf8 32. Kg1 Kg8 33. Rd1 Rd8 34. Rg2 Raa8 35. Rgd2 Kf8 36. Kh2 Kg8 37. Kg3 Kf8 38. Nf3 Qb7 39. Qf6+ Kg8 40. Nd4 Rf8 41. Qe5 Rfe8 42. Nxc6 Qxc6 43. Rxd5 fxg4 44. hxg4 Re7 45. Rd6 Qe8 46. Qd4 h5 47. Rd8 Rxd8 48. Qxd8 hxg4 49. Qxe8+ Rxe8 50. Kxg4 Nf5 51. Kg5 Nxe3 52. Re1 Nc4 53. Kxg6 Kf8 54. Kf6 e5 55. Bxc4 bxc4 56. fxe5 Rb8 57. Rb1 c3 58. Ke6 c2 59. Rc1 Rxb4 60. Rxc2 Ke8 61. c6 Kd8 62. c7+ Kc8 63. Ke7 Re4 64. e6 Re3 65. Rc6 Re2 66. Rc5 Re3 67. Kf7 Rf3+ 68. Ke8 Re3 69. e7 Re2 70. Kf7 Rf2+ 71. Ke6 Re2+ 72. Re5 1-0

[Event "BCF-chT3Sa 1920 (4NCL)"]
[Site "England"]
[Date "2019.11.10"]
[Round "2.25"]
[White "Trevelyan, John"]
[Black "Scrimgour, Alan"]
[Result "1/2-1/2"]
[WhiteElo "1999"]
[BlackElo "2065"]
[PlyCount "32"]
[EventDate "2019.11.09"]
[EventType "team-tourn"]
[EventRounds "11"]
[EventCountry "ENG"]
[SourceTitle "EXT 2023"]
[Source "ChessBase"]
[SourceDate "2022.10.05"]
[SourceVersion "1"]
[SourceVersionDate "2022.10.05"]
[SourceQuality "1"]
[WhiteTeam "Rhyfelwyr Essyllwg"]
[BlackTeam "CSC"]
[WhiteTeamCountry "WLS"]
[BlackTeamCountry "ENG"]

1. d4 Nf6 2. c4 e6 3. Nf3 b6 4. g3 Ba6 5. b3 Bb4+ 6. Bd2 Be7 7. Bg2 Bb7 8. Nc3 d5 9. cxd5 exd5 10. 0-0 0-0 11. Rc1 Nbd7 12. Bg5 Re8 13. Qd3 Ne4 14. Bxe7 Rxe7 15. Rfd1 a5 16. e3 Rc8 1/2-1/2

[Event "BCF-chT3S 1819 (4NCL) Promotion pool"]
[Site "England"]
[Date "2019.05.05"]
[Round "10.25"]
[White "Gilfillan, Andrew"]
[Black "Scrimgour, Alan"]
[Result "1/2-1/2"]
[WhiteElo "2095"]
[BlackElo "2087"]
[PlyCount "34"]
[EventDate "2019.04.14"]
[EventType "team-tourn"]
[EventRounds "11"]
[EventCountry "ENG"]
[SourceTitle "EXT 2021"]
[Source "ChessBase"]
[SourceDate "2020.10.23"]
[SourceVersion "1"]
[SourceVersionDate "2020.10.23"]
[SourceQuality "1"]
[WhiteTeam "Kings Head"]
[BlackTeam "CSC Dragons"]
[WhiteTeamCountry "ENG"]
[BlackTeamCountry "ENG"]

1. e4 c5 2. Nf3 e6 3. d3 d5 4. Nbd2 Nc6 5. g3 g6 6. Bg2 Bg7 7. 0-0 Nge7 8. Re1 0-0 9. Qe2 b5 10. a4 bxa4 11. exd5 exd5 12. Rxa4 Nf5 13. Nb3 Qb6 14. g4 Nd6 15. Bf4 Nb7 16. Ng5 Bd7 17. Raa1 Rae8 1/2-1/2

[Event "EU-chT Seniors 65"]
[Site "Walbrzych"]
[Date "2018.04.22"]
[Round "9.2"]
[White "Baum, Bernd"]
[Black "Scrimgour, Alan"]
[Result "1/2-1/2"]
[WhiteElo "2290"]
[BlackElo "2083"]
[PlyCount "184"]
[EventDate "2018.04.14"]
[EventType "team-swiss"]
[EventRounds "9"]
[EventCountry "POL"]
[SourceTitle "CBM 184 Extra"]
[Source "ChessBase"]
[SourceDate "2018.06.28"]
[SourceVersion "1"]
[SourceVersionDate "2018.06.28"]
[SourceQuality "1"]
[WhiteTeam "Germany 65"]
[BlackTeam "Scotland 65"]
[WhiteTeamCountry "GER"]
[BlackTeamCountry "SCO"]

1. c4 e5 2. g3 Nf6 3. Bg2 c6 4. d4 exd4 5. Qxd4 Na6 6. Nf3 Bc5 7. Qd1 d5 8. cxd5 Qxd5 9. Qxd5 Nxd5 10. a3 0-0 11. 0-0 Re8 12. Re1 h6 13. b4 Bf8 14. Bb2 g6 15. Nbd2 Nb6 16. Rac1 Bg7 17. Bxg7 Kxg7 18. Nb3 Be6 19. Na5 Re7 20. Nd4 Bd5 21. e4 Rae8 22. Nxb7 Rxb7 23. exd5 Rxe1+ 24. Rxe1 cxd5 25. Rc1 Rd7 26. Nb5 d4 27. Bc6 Rd8 28. Bf3 Nb8 29. Nxa7 d3 30. Nb5 Na4 31. Bd1 Nb2 32. Rb1 Nc4 33. a4 Nc6 34. Nc3 Nd4 35. b5 Re8 36. b6 Nxb6 37. Rxb6 Ne2+ 38. Bxe2 dxe2 39. Nxe2 Rxe2 40. h4 h5 41. Kg2 Ra2 42. Ra6 Ra3 43. Ra8 Kh7 44. a5 Kg7 45. a6 Kh7 46. Kf1 Ra2 47. Ke1 Kg7 48. Ra7 Kg8 49. Kf1 Kg7 50. Ra8 Kh7 51. Kg2 Ra3 52. Kg1 Ra2 53. Kf1 Kg7 54. Ke1 Kh7 55. a7 Kg7 56. Kd1 Kh7 57. Kc1 Kg7 58. Kb1 Ra5 59. Kb2 Ra6 60. Kc3 Ra1 61. Kd4 Rd1+ 62. Ke4 Re1+ 63. Kf4 Ra1 64. f3 Ra4+ 65. Ke5 Ra5+ 66. Kd6 Ra1 67. g4 Rd1+ 68. Ke5 hxg4 69. fxg4 Re1+ 70. Kf4 Rf1+ 71. Kg3 Rg1+ 72. Kf3 Rf1+ 73. Kg2 Ra1 74. h5 gxh5 75. gxh5 Ra2+ 76. Kf3 Ra4 77. Ke3 Kh7 78. Kd3 Kg7 79. Kc3 Kh7 80. Kb3 Ra1 81. Kc4 Rc1+ 82. Kd5 Rd1+ 83. Ke5 Re1+ 84. Kf6 Ra1 85. Kxf7 Rf1+ 86. Ke6 Re1+ 87. Kd5 Rd1+ 88. Kc4 Rc1+ 89. Kb3 Ra1 90. Kb2 Ra5 91. h6 Ra6 92. Kb3 Ra1 1/2-1/2

[Event "BCF-chT2a 1617 (4NCL)"]
[Site "England"]
[Date "2016.11.19"]
[Round "1.26"]
[White "French, Max"]
[Black "Scrimgour, Alan"]
[Result "1-0"]
[WhiteElo "1930"]
[BlackElo "2078"]
[PlyCount "63"]
[EventDate "2016.11.19"]
[EventType "team-tourn"]
[EventRounds "11"]
[EventCountry "ENG"]
[SourceTitle "EXT 2019"]
[Source "ChessBase"]
[SourceDate "2018.10.10"]
[SourceVersion "1"]
[SourceVersionDate "2018.10.10"]
[SourceQuality "1"]
[WhiteTeam "Downend & Fishponds"]
[BlackTeam "CSC Dragons"]
[WhiteTeamCountry "ENG"]
[BlackTeamCountry "ENG"]

1. d4 Nf6 2. c4 e6 3. Nf3 b6 4. g3 Ba6 5. b3 Bb4+ 6. Bd2 Be7 7. Bg2 d5 8. Bc3 Ne4 9. cxd5 exd5 10. Ne5 0-0 11. 0-0 Bf6 12. Bb2 Bb7 13. Ng4 Nd7 14. Nxf6+ Ndxf6 15. Na3 Re8 16. Nc2 a5 17. Rc1 Qd7 18. Ne1 a4 19. Nd3 a3 20. Bc3 Nxc3 21. Rxc3 Ne4 22. Bxe4 dxe4 23. Ne5 Qe7 24. Qc1 c5 25. e3 Ba6 26. Rd1 Rad8 27. Nc6 Qd7 28. Nxd8 Qh3 29. dxc5 Be2 30. Rd2 Re5 31. Rxe2 Rh5 32. f4 1-0

[Event "BCF-chT2b 1415 (4NCL)"]
[Site "England"]
[Date "2015.03.28"]
[Round "7.18"]
[White "Jackson, Sheila"]
[Black "Scrimgour, Alan"]
[Result "1/2-1/2"]
[WhiteElo "2134"]
[BlackElo "2026"]
[PlyCount "43"]
[EventDate "2014.11.15"]
[EventType "team-tourn"]
[EventRounds "7"]
[EventCountry "ENG"]
[SourceTitle "EXT 2016"]
[Source "ChessBase"]
[SourceDate "2015.10.08"]
[SourceVersion "1"]
[SourceVersionDate "2015.10.08"]
[SourceQuality "1"]
[WhiteTeam "Spirit of Atticus"]
[BlackTeam "BCM Dragons"]
[WhiteTeamCountry "ENG"]
[BlackTeamCountry "ENG"]

1. e4 c5 2. c3 Nf6 3. e5 Nd5 4. d4 cxd4 5. Bc4 e6 6. cxd4 d6 7. Nf3 Nc6 8. 0-0 Be7 9. exd6 Qxd6 10. Nc3 Nxc3 11. bxc3 0-0 12. Re1 b6 13. Qe2 Bb7 14. Bd3 Na5 15. Ne5 Bf6 16. Bf4 Bxe5 17. Bxe5 Qc6 18. Qg4 f6 19. Bf4 f5 20. Qh3 Rf6 21. Bf1 Rg6 22. Rac1 1/2-1/2

[Event "EU-chT Seniors"]
[Site "Sibenik"]
[Date "2014.04.07"]
[Round "7.5"]
[White "Scrimgour, Alan"]
[Black "Bowmer, Kevin"]
[Result "1/2-1/2"]
[WhiteElo "2016"]
[BlackElo "2083"]
[PlyCount "83"]
[EventDate "2014.04.01"]
[EventType "team-swiss"]
[EventRounds "9"]
[EventCountry "CRO"]
[SourceTitle "CBM 159 Extra"]
[Source "ChessBase"]
[SourceDate "2014.04.24"]
[SourceVersion "1"]
[SourceVersionDate "2014.04.24"]
[SourceQuality "1"]
[WhiteTeam "Scotland Seniors"]
[BlackTeam "England Seniors"]
[WhiteTeamCountry "SCO"]
[BlackTeamCountry "ENG"]

1. e4 c5 2. c3 Nf6 3. e5 Nd5 4. d4 cxd4 5. cxd4 Nc6 6. Nf3 d6 7. Bc4 Nb6 8. Bb5 dxe5 9. Nxe5 Bd7 10. Nxd7 Qxd7 11. Nc3 e6 12. 0-0 Be7 13. a3 0-0 14. Be3 Rfd8 15. Qg4 a6 16. Bxc6 Qxc6 17. Rac1 Rac8 18. Ne4 Qb5 19. Nc5 Nc4 20. b4 Rc6 21. a4 Qxb4 22. Rb1 Qc3 23. Rb3 Qc2 24. Rxb7 Ne5 25. Qf4 Ng6 26. Qf3 Rcc8 27. g3 a5 28. h4 Re8 29. h5 Nf8 30. g4 Qc4 31. Rfb1 e5 32. Rc1 Qa2 33. d5 f6 34. Rb5 Bd6 35. Rxa5 Qa3 36. Qd1 Rc7 37. Ne6 Rxc1 38. Bxc1 Qb4 39. Rb5 Qc4 40. Nxf8 Rxf8 41. h6 Rd8 42. Be3 1/2-1/2

[Event "EU-chT Seniors"]
[Site "Sibenik"]
[Date "2014.04.03"]
[Round "3.10"]
[White "Scrimgour, Alan"]
[Black "Newrkla, Alexander"]
[Result "1/2-1/2"]
[WhiteElo "2016"]
[BlackElo "1956"]
[PlyCount "49"]
[EventDate "2014.04.01"]
[EventType "team-swiss"]
[EventRounds "9"]
[EventCountry "CRO"]
[SourceTitle "CBM 159 Extra"]
[Source "ChessBase"]
[SourceDate "2014.04.24"]
[SourceVersion "1"]
[SourceVersionDate "2014.04.24"]
[SourceQuality "1"]
[WhiteTeam "Scotland Seniors"]
[BlackTeam "Austria Wien Seniors II"]
[WhiteTeamCountry "SCO"]
[BlackTeamCountry "AUT"]

1. e4 c5 2. c3 d5 3. exd5 Qxd5 4. d4 Nf6 5. Nf3 Bg4 6. Be2 e6 7. Be3 cxd4 8. cxd4 Bb4+ 9. Nc3 0-0 10. 0-0 Bxc3 11. bxc3 Nc6 12. c4 Qd7 13. Qd3 Rfd8 14. Rfd1 Qe7 15. Qb3 h6 16. a4 a5 17. Rab1 Rd7 18. Rb2 Ne4 19. h3 Bf5 20. d5 exd5 21. cxd5 Nb4 22. Bc4 Nc5 23. Bxc5 Qxc5 24. Nd4 Be4 25. d6 1/2-1/2

[Event "Glasgow op"]
[Site "Glasgow"]
[Date "2003.??.??"]
[Round "4"]
[White "Birkett, Richard"]
[Black "Scrimgour, Alan"]
[Result "1/2-1/2"]
[WhiteElo "1895"]
[BlackElo "2040"]
[PlyCount "72"]
[EventDate "2003.??.??"]
[EventType "swiss"]
[EventRounds "5"]
[EventCountry "SCO"]
[SourceTitle "EXT 2007"]
[Source "ChessBase"]
[SourceDate "2006.11.23"]
[SourceVersion "1"]
[SourceVersionDate "2006.11.23"]
[SourceQuality "1"]

1. e4 c5 2. Nc3 e6 3. g3 Nc6 4. Bg2 g6 5. d3 Bg7 6. Nf3 d5 7. 0-0 d4 8. Ne2 Nge7 9. Ne1 e5 10. f4 Be6 11. Nf3 f6 12. fxe5 fxe5 13. Ng5 Bg8 14. Bh3 Qd6 15. a3 h6 16. Nf3 Bf7 17. Bd2 0-0 18. Nh4 b5 19. Kh1 c4 20. Ng1 a5 21. Qe2 Qc5 22. Rf2 c3 23. bxc3 dxc3 24. Be3 Nd4 25. Qg4 Qc6 26. Bxd4 exd4 27. Raf1 Ba2 28. Ne2 Rxf2 29. Rxf2 b4 30. axb4 axb4 31. Qd7 Qxd7 32. Bxd7 Bf7 33. Nf3 Ra1+ 34. Kg2 b3 35. cxb3 Bxb3 36. Nexd4 Bd1 1/2-1/2